Länder mit den meisten Verkehrstoten - Statistiken

Allgemein
  • Dieses Quiz wurde 53 mal gespielt
  • Das Durchschnittsergebnis liegt bei 14 aus 20
Antwortstatistiken
Anzahl Tote Land % Korrekt
256.180 China
98%
299.091 Indien
94%
25.969 Russland
94%
41.007 Brasilien
92%
39.888 USA
92%
16.725 Mexiko
90%
31.726 Indonesien
77%
22.491 Thailand
77%
27.582 Pakistan
75%
14.507 Südafrika
73%
24.970 Vietnam
73%
39.802 Nigeria
69%
16.426 Iran
65%
24.954 Bangladesch
63%
26.529 DR Kongo
56%
12.690 Philippinen
54%
27.326 Äthiopien
40%
13.463 Kenia
35%
16.252 Tansania
33%
12.036 Uganda
23%
Keine übereinstimmenden Quizze gefunden
Verteilung der Resultate
Anzahl Personen mit jedem Resultat
Perzentil nach korrekt beantworteten Fragen
Ihre Resultats-Entwicklung
Sie haben dieses Quiz noch nicht gespielt